000 00289nam a22001337a 4500
008 170818b xxu||||| |||| 00| 0 eng d
020 _a02321351
041 _aeng
080 _a51
100 _a37
101 _aMAT
245 _aANLYSE STOCHSTITER SYSMEME
_cKEMPE.V
942 _2udc
_cBK
999 _c24043
_d24043